000 00615nam a22002417a 4500
003 UA-OsUOA
001 87207
007 ta
008 20120915b un ||||| |||| 00| 0 ukr d
100 _aФранк Б.
700 _aОсповат Л.
090 _a82.09
_bФ83
942 _cBK
040 _aUA-OsUOA
_brus
_cUA-OsUOA
_dUA-OsUOA
245 _aСервантес. Гарсиа Лорка
300 _a366 с.
955 _a1
041 _arus
080 _a82.09
260 _aМ.
_bКнига
_c1982
650 7 _a82 Література. Літературознавство
_2UDC
999 _c373498
_d373498